000 00608nam a2200241Ia 4500
003 OSt
005 20220918221624.0
006 a|||||r|||| 00| 0
007 ta
008 220917b |||||||| |||| 00| 0 eng d
024 _a202,229
037 _cTextual
040 _aARTS
_cARTS
_beng
041 _2eng
_aeng
082 _aO111,3N42x, M3
100 _aMason Anita
_9185
245 0 _aIllusionist
260 _aLondon
_bAbacus UK
_c1983
300 _a283 p
_ccm.
650 _aENGLISH LITERATURE
942 _hO111,3N42x, M3
_cTEXL
_2CC
999 _c273127
_d273127